| 000 | 00774nam a2200193 a 4500 | ||
|---|---|---|---|
| 008 | 120416s1981 ||||||||||||||||| || u | ||
| 020 | _a0566003279 | ||
| 050 | _aQA 279.4 Kmi | ||
| 100 | _aPearman, A. D | ||
| 245 | 1 | 0 | _aDecision theory and incomplete knowledge |
| 260 |
_aAldershot, Eng. _bGower _c1981 |
||
| 300 | _aviii, 121p. : ill | ||
| 350 | _a0.00 | ||
| 650 | _aPRACTICAL REASON | ||
| 650 | 0 | _aDECISION MAKING | |
| 700 | _aKmietowicz, Z.W | ||
| 995 |
_aANNEX COLLECTION (Main Library) _D0.00 _e708205 _FCBU-MAIN LIBRARY (Kitwe) _H2 _I15.00 _jQA 279.4 Kmi _M1 _UAVAILABLE _y011875 _ZAnnex Low-Usage Collection |
||
| 995 |
_aANNEX COLLECTION (Main Library) _D0.00 _e708206 _FCBU-MAIN LIBRARY (Kitwe) _H1 _I15.00 _jQA 279.4 Kmi _M2 _UAVAILABLE _y011876 _ZAnnex Low-Usage Collection |
||
| 999 |
_c63411 _d63411 |
||